Re-pensando la geopolítica del conocimiento: reto a las violaciones imperiales. Rethinking the geopolitics of knowledge: a challenge to imperial visions /
Se debaten aspectos importantes de las intersecciones entre poder, conocimiento y geopolítica en el contexto del resurgimiento de visiones imperialistas y de la necesidad urgente de una descolonización de la imaginación. Partiendo de una reflexión sobre poder, conocimiento y geopolítica, se valora l...
Guardado en:
| Hovedforfatter: | |
|---|---|
| Format: | Texto |
| Fag: | |
| Tags: |
Tilføj Tag
Ingen Tags, Vær først til at tagge denne postø!
|
MARC
| LEADER | 00000 a a2200000 04500 | ||
|---|---|---|---|
| 001 | 18402 | ||
| 003 | |||
| 040 | |||
| 100 | |a Slater, David | ||
| 245 | |a Re-pensando la geopolítica del conocimiento: reto a las violaciones imperiales. Rethinking the geopolitics of knowledge: a challenge to imperial visions / |c David Slater | ||
| 520 | |a Se debaten aspectos importantes de las intersecciones entre poder, conocimiento y geopolítica en el contexto del resurgimiento de visiones imperialistas y de la necesidad urgente de una descolonización de la imaginación. Partiendo de una reflexión sobre poder, conocimiento y geopolítica, se valora la importancia del pensamiento crítico y se refuta el predominio del pensamiento euroamericano, para finalmente llegar a una conclusión acerca de la importancia del poder colonial e imperial | ||
| 650 | |a COLONIALISMO | ||
| 650 | |a IMPERIALISMO | ||
| 650 | |a RELACIONES DE PODER | ||
| 650 | |a CONOCIMIENTO | ||
| 650 | |a GEOPOLITICA | ||
| 650 | |a MOVIMIENTOS SOCIALES | ||
| 650 | |a POBLACION INDIGENA | ||
| 773 | |g número 8; páginas 335-358 | ||
| 999 | |c 20637 |d 20637 | ||
